Clark County, Nevada Unincorporated Communities (Map) - Statistics

General Stats
  • This quiz has been taken 22 times
    5 since last reset
  • The average score is 19 of 45
Answers on the Map
Answers color-coded by a green-red scale on the quiz's map according to % correct below.
 
Answer Stats
Answer % Correct
Paradise
100%
Amber
50%
Apex
50%
Arrolime
50%
Bonnie Springs
50%
Borax
50%
Calville Bay
50%
Cold Creek
50%
Corn Creek
50%
Coyote Springs
50%
Crystal
50%
Echo Bay
50%
Enterprise
50%
Erie
50%
Glendale
50%
Jackman
50%
Jean
50%
Las Vegas
50%
Mesquite
50%
Mountain Springs
50%
North Las Vegas
50%
Palm Gardens
50%
Primm
50%
Riverside
50%
Roach
50%
Sloan
50%
Spring Valley
50%
Stewarts Point
50%
Winchester
50%
Blue Diamond
25%
Boulder City
25%
Bunkerville
25%
Goodsprings
25%
Henderson
25%
Indian Springs
25%
Laughlin
25%
Moapa Valley
25%
Mount Charleston
25%
Nelson
25%
Sandy Valley
25%
Summerlin South
25%
Sunrise Manor
25%
Whitney
25%
Cal-Nev-Ari
0%
Moapa Town
0%
No matching quizzes found
Score Distribution
Percent of People with Each Score
Percentile by Number Answered
Your Score History
You have not taken this quiz since the last reset